Records à l'Eurovision - Statistiques

Statistiques générales
  • Ce quiz a été pris 38 fois
    2 depuis la dernière actualisation
  • Le résultat moyen est 14 sur 23
Statistiques - réponses
Records # Pays/Ville/Édition/Artiste % Correct
Le plus grand nombre de participations 69 éditions Allemagne
100%
Le plus de 3e place 7 fois France
100%
Unique membre du Big Five à n'avoir jamais eu de "nul point" 0 fois France
100%
Le plus grand nombre de victoires 7 fois Irlande/Suède
100%
Le plus de dernière place en finale 14 fois Norvège
100%
Le plus grand nombre de participations consécutives 67 éditions Royaume-Uni
100%
Le plus de 2e place 16 fois Royaume-Uni
100%
Édition avec le moins de participants 7 membres 1956
50%
Édition avec le plus de participants 43 membres 2008/2011/2018
50%
Édition avec le plus de téléspectateurs (en millions) 204 millions 2016
50%
Le plus long intervalle entre deux victoires 48 ans Autriche
50%
La ville ayant accueilli le plus de fois le concours 6 fois Dublin
50%
Artiste ayant gagné le plus de fois le concours (interprète et auteur) 3 fois Johnny Logan
50%
Artiste ayant gagné le plus de fois le concours (interprète uniquement) 2 fois Johnny Logan/Loreen
50%
Le plus ancien à n'avoir toujours pas gagné 55 ans Malte
50%
Le plus de "nul-point" 4 fois Norvège
50%
Le plus long interval entre la 1ère participation et la 1ère victoire 53 ans Portugal
50%
Le pays ayant accueilli le plus de fois le concours 9 fois Royaume-Uni
50%
Plus jeune artiste gagnant du concours 13 ans Sandra Kim
50%
Unique pays à avoir toujours été qualifié en finale (hors Big 5) 21 fois Ukraine
50%
Quelle édition a monopolisé un tiers des écrans LED disponibles dans le monde ? 1/3 2009
0%
Le plus grand nombre de points (public et jury confondus) 758 points Portugal (en 2017)
0%
Le plus grand nombre de 12 points par une participation 33 lots Ukraine (en 2016)
0%
Aucun quiz correspondant
Distribution des résultats
% des personnes avec chaque résultat
Percentile par nombre de réponses
Votre historique - résultats
Vous n’avez pas pris ce quiz depuis la dernière actualisation